000 01667cam a22004454i 4500
003 PE-LiUPU
005 20250731172740.0
008 150617s r 000 0 d
035 _a(Sirsi) a11948
040 _aPE-LiUPU
_bspa
_cPE-LiUPU
_erda
049 _aPRUA
082 0 4 _a232.901
_bB82
_221
100 1 _aBreisch, Francisco,
_eautor.
245 1 3 _aEl ministerio de Cristo hasta lo último de la tierra.
_n3 /
_cFrancisco Breisch.
264 1 _aMichigan :
_bSubcomisiones Literatura Cristiana de la Iglesia Cristiana Preformada,
_c1977.
300 _a168 páginas :
_bil. ;
_c23 cm.
336 _atext
_2rdacontent
337 _aunmediated
_2rdamedia
338 _avolume
_2rdacarrier
505 0 _aLa transición del ministerio de Cristo -- La extensión del ministerio de Cristo -- La expansión del ministerio de Cristo -- El triunfo del ministerio de Cristo -- El enrequecimiento del ministerio de Cristo.
526 _aSEG42
526 _aSEG41
526 _aSEG40
526 _aSEG39
526 _aP94
526 _aP87
526 _aP86
526 _aP85
526 _aP77
526 _aP76
526 _aP35
600 1 _aJesucristo
910 _ajck
_bjvq
_cjck
_d20150616
942 _2ddc
_cBOOK
949 _a232.901 B82 3
_wDEWEY
_c1
_i21091
_lCCODEBUL1
_mBUL
_p00.00
_r0
_sY
_tBOOK
_u19821020
_xTEOLOGIA
_PP35
_0COMPRA
_o.STAFF. Colección general
994 _aC0
_bPEPRU
596 _a1
999 _a232.901 B82 3
_wDEWEY
_c2151
_i21091
_f2021-11-11
_g5
_lCCODEBUL1
_mBUL
_r0
_sY
_tBOOK
_u2015-6-17
_xTEOLOGIA
_PP35
_0COMPRA
_o.STAFF. Colección general
_d2151
980 _81
_gALBERTO SANCHEZ Responsable de Automatización